Solfeo de los solfeos : veinte volúmenes / por Enrique Lemoine y G. Carulli : aumentado con un gran número de lecciones de autores antiguos y modernos, clasificadas y acompañadas por A. Danhauser y L. Lemoine ... veinte volúmenes / por Enrique Lemoine y G. Carulli :
Descripción Física:
64 p., partitura ; 22 cm
Materias:
Solfeig
MARC
| LEADER | 00000nam a2200000Ia 4500 | ||
|---|---|---|---|
| 001 | 13947 | ||
| 008 | 160829s9999 xx 000 0 cat d | ||
| 080 | |a B-1-427 | ||
| 100 | |a Lemoine, Henry |9 24095 | ||
| 245 | |a Solfeo de los solfeos : |b veinte volúmenes / por Enrique Lemoine y G. Carulli : |b aumentado con un gran número de lecciones de autores antiguos y modernos, clasificadas y acompañadas por A. Danhauser y L. Lemoine ... | ||
| 260 | |a Paris : |b Henry Lemoine, [191 - ?] | ||
| 300 | |a 64 p., partitura ; |c 22 cm | ||
| 650 | |a Solfeig |9 24096 | ||
| 700 | |a Carulli, Gustave |9 24097 | ||
| 700 | |a Danhauser, Adolphe Léopold |9 24098 | ||
| 700 | |a Lemoine, L. |9 24099 | ||
| 866 | |a Cuaderno | ||
| 901 | |a Arxiu | ||
| 942 | |n 1 | ||
| 952 | |0 0 |1 0 |4 0 |6 B1427 |7 1 |9 45276 |a Arxiu |b Arxiu |d 2016-12-01 |l 0 |o B-1-427 |p 13947 |r 2016-12-01 00:00:00 |w 2016-12-01 |y ARXIU | ||
| 999 | |c 48350 |d 48350 | ||